[Event "COL-ch 20"]
[Site "Cali"]
[Date "2023.06.23"]
[Round "2"]
[White "Cruz Gomez, David Alejandro"]
[Black "Cardona Duque, Juan Esteban"]
[Result "0-1"]
[WhiteElo "1374"]
[BlackElo "1338"]
[PlyCount "75"]
[EventDate "2023.06.22"]
[EventType "swiss"]
[EventRounds "7"]
[EventCountry "COL"]
[SourceTitle "CBM 214 Extra"]
[Source "ChessBase"]
[SourceDate "2023.07.31"]
[SourceVersion "1"]
[SourceVersionDate "2023.07.31"]
[SourceQuality "1"]

1. e4 c5 2. Bc4 Nc6 3. c3 Nf6 4. d3 e6 5. Bg5 Be7 6. Nf3 d5 7. exd5 exd5 8. Bb3 0-0 9. 0-0 Bg4 10. Nbd2 b5 11. Bc2 Rc8 12. Re1 h6 13. Bh4 Re8 14. Nf1 d4 15. h3 Bh5 16. Ng3 Bg6 17. a4 b4 18. cxb4 Nxb4 19. Ne5 Bh7 20. Bb3 Nfd5 21. Qf3 Bxh4 22. Qxf7+ Kh8 23. Nh5 Bf6 24. Nxf6 Qxf6 25. Bxd5 Rxe5 26. Rxe5 Qxe5 27. Be6 Qc7 28. Qh5 Rf8 29. Re1 Nxd3 30. Re2 Nf4 31. Qf3 Nxe2+ 32. Qxe2 Re8 33. Qg4 Bg8 34. Qd1 Rxe6 35. Qc1 d3 36. b4 c4 37. a5 c3 38. Qa3 0-1